Guess the Taylor Swift Song with No Hints - 24 - Statistics

General Stats
  • This quiz has been taken 50 times
  • The average score is 223 of 261
Answer Stats
Answer % Correct
I
100%
a
98%
And
96%
and
96%
for
96%
me
96%
you,
96%
you
96%
my,
93%
my
93%
My
93%
this
93%
This
93%
where
93%
ever?
91%
ever)
91%
is
91%
the
91%
always
89%
be
89%
Can
89%
forever
89%
(forever
89%
go
89%
go?
89%
Lover
89%
lover
89%
We
89%
we
89%
your
89%
Christmas
87%
close
87%
could
87%
in
87%
light
87%
our
87%
out,
87%
take
87%
that
87%
'til
87%
up
87%
all
85%
home
85%
January
85%
leave
85%
make
85%
place,
85%
You're
85%
you're
85%
at
83%
every
83%
gentlemen,
83%
I'm
83%
Ladies
83%
of
83%
on
83%
rules
83%
to
83%
please
80%
but
78%
hand
78%
I'll
78%
now,
78%
save
78%
scar
78%
stand?
78%
table,
78%
who
78%
been
76%
guitar
76%
heart's
76%
I've
76%
man
76%
Oh,
76%
room
76%
seat,
76%
string
76%
want
76%
well
76%
will
76%
With
76%
with
76%
you'll
76%
yours
76%
ah,
74%
blue
74%
end
74%
ends
74%
everyone
74%
force
74%
friends
74%
has
74%
living
74%
magnetic
74%
sees
74%
three
74%
wants
74%
All's
72%
borrowed
72%
'em
72%
Have
72%
honey,
72%
jokes
72%
let
72%
loved
72%
or
72%
summers
72%
there's
72%
call
70%
dear
70%
dirtiest
70%
highly
70%
mysterious
70%
suspicious
70%
true
70%
20
67%
about
67%
crash
67%
dazzling
67%
known
67%
seconds
67%
Swear
67%
years
67%
haze,
65%
overdramatic
65%
way
61%
Darling,
59%
weel
7%
No matching quizzes found
Score Distribution
Percent of People with Each Score
Percentile by Number Answered
Your Score History
You have not taken this quiz